Basketball Players by nickname - Statistics

General Stats
  • This quiz has been taken 22 times
  • The average score is 11 of 15
Answer Stats
Hint Answer % Correct
Black Mamba Kobe Bryant
100%
King James Lebron James
100%
Antman Anthony Edwards
89%
Greek Freak Giannis Antetokounmpo
89%
The G.O.A.T Micheal Jordan
89%
Chef Steph Curry
89%
The Beard James Harden
83%
The logo Jerry West
72%
The Answer Allen Iverson
67%
The Claw Kawhi Leonard
67%
The Round Mound of rebound Charles Barkley
61%
Big Dieseal Shaq O'neal
56%
The Glove Gary Payton
50%
The Truth Paul Pierce
50%
The Process Joel Embiid
39%
No matching quizzes found
Score Distribution
Percent of People with Each Score
Percentile by Number Answered
Your Score History
You have not taken this quiz